000 00951nam a22002417a 4500
003 KOHA_MİRAKIL
005 20260420100935.0
008 260416b tu ||||| |||| 00| 0 tur d
020 _a9786057331571
040 _aTR-AnABB
_btur
_cTR-AnABB
041 _atur
082 _a307.76
_bDEM 2022
100 1 _aDemirkol, Atahan
245 1 0 _aKentlerde yer duygusu :
_bKaradeniz Ereğli ve özelleştimenin yerel etkileri /
_cAtahan Demirkol
260 _aAnkara :
_bİdealkent Yayınları,
_c2022
300 _a182 sayfa :
_c20 cm
490 0 _aİdealkent yayınları ;
_v51
490 0 _aKent ve toplum dizisi ;
_v3
505 _aİçindekiler: Yer ve insan arasındaki eşsiz ilişki biçimi: yer duygusu - Ereğli ortaya çıkıyor: Erdemir öncesi kentin durumu - Ereğli'nin yükselişi ve düşüşü: yer duygusunda yaşanan değişimler
650 0 4 _aKent sosyolojisi
900 _bCan ÇELIK
942 _2ddc
_cBK
999 _c10275
_d10275